Представление документа в формате MARC21

Поле Инд. ПП Название Значение
Тип записи a
Библиографический уровень b
001 Контрольный номер 7680d4a4c0704e5bbdce50521ab84b17
005 Дата корректировки 20200522192013.2
008 Кодируемые данные 20170331
040 b Код языка каталог. rus
e Правила каталог. PSBO
041 0_ a Код языка текста rus
084 a Индекс другой классификации/Индекс ББК 67.408.010(2Рос)
100 1_ a Автор Гарбатович Д. А.
245 10 a Заглавие Установление границ криминализации деяний посредством регламентации и правоприменении нормы о малозначительном деянии
650 14 a Основная рубрика право; уголовное право
653 0_ a Ключевые слова декриминализация
a Ключевые слова криминализация деяний
a Ключевые слова малозначительное деяние
a Ключевые слова нормы права
a Ключевые слова Россия
a Ключевые слова Уголовный кодекс РФ
773 08 t Заглавие источника Российская юстиция
d Дата издания источника 2020
g Прочая информация № 2. - С. 25 - 27
w Контрольный № источника bd79b8de93a941129b7f256c84795769
901 t Тип документа b